000 00688nam a2200217 i 4500
001 bgj
100 1 _aZDYBIEWSKA, Małgorzata
245 0 _a100 Language Games /
_cMałgorzata Zdybiewska.
250 _a2nd edition.
260 _aWarszawa :
_bWydawnictwa Szkolne i Pedagogiczne,
_c1994
_e(Kraków :
_fDrukarnia Wydawnicza im W. L. Anczyca).
300 _a100 pp :
_bill. ;
_c24 cm.
490 1 _aTeacher's Resources Library
650 9 _aEnglish language
_xGames in education
830 _aTeacher's Resources Library
020 _a830205450X (pbk)
040 _cBPK
041 0 _aeng
920 _a83-02-05450-X (pbk)
942 _cKS
008 s uk f |000 0 eng
999 _c48221
_d48221